[Event "CAN-op"]
[Site "Winnipeg CAN"]
[Date "1997.07.19"]
[Round "9"]
[White "Taylor, Gordon"]
[Black "Babb, Jeff"]
[Result "0-1"]
[WhiteElo "2394"]
[BlackElo "2213"]
[PlyCount "116"]
[GameId "2160767911932771"]
[EventDate "1997.07.12"]
[EventType "swiss"]
[EventRounds "10"]
[EventCountry "CAN"]
[SourceTitle "EXP 60"]
[Source "ChessBase"]
[SourceDate "1997.11.24"]
[SourceVersion "1"]
[SourceVersionDate "1997.11.24"]
[SourceQuality "1"]

1. d4 Nf6 2. c4 c5 3. Nf3 cxd4 4. Nxd4 Nc6 5. Nc3 g6 6. e4 Bg7 7. Be3 O-O 8. Be2 d6 9. O-O Bd7 10. Qd2 Nxd4 11. Bxd4 Bc6 12. f3 Nd7 13. Be3 f5 14. exf5 gxf5 15. Nd5 Nf6 16. Rad1 Qd7 17. b3 Kh8 18. Rfe1 Rf7 19. Bf1 b6 20. a4 Rb8 21. Bf2 e5 22. Nb4 Ne8 23. Nxc6 Qxc6 24. Qb4 Bf8 25. Qb5 Qb7 26. Qd5 Qxd5 27. cxd5 Rc7 28. Bc4 Be7 29. Be3 Kg7 30. Bb5 Nf6 31. Bc6 f4 32. Bf2 Ng8 33. Re4 Nh6 34. g4 fxg3 35. hxg3 Nf7 36. Rg4+ Kf6 37. Kg2 h5 38. Rb4 Rbc8 39. Be3 Kg6 40. Ra1 Bf6 41. Ra2 Nd8 42. Rc4 Nxc6 43. Rac2 Nd4 44. Rxc7 Nxc2 45. Rxc8 Nxe3+ 46. Kf2 Nxd5 47. Ke2 h4 48. gxh4 Bxh4 49. Ra8 a5 50. Kd3 Kf5 51. Rf8+ Ke6 52. Ke2 Bg5 53. Kd3 Nb4+ 54. Ke2 Kd7 55. Rb8 Kc7 56. Rg8 Bf4 57. Rg7+ Kc6 58. Rg8 d5 0-1

[Event "CAN-op"]
[Site "Winnipeg CAN"]
[Date "1997.07.19"]
[Round "9"]
[White "Vera, Reynaldo"]
[Black "Neven, Knut"]
[Result "1-0"]
[WhiteElo "2530"]
[BlackElo "2235"]
[PlyCount "81"]
[GameId "2160767911932772"]
[EventDate "1997.07.12"]
[EventType "swiss"]
[EventRounds "10"]
[EventCountry "CAN"]
[SourceTitle "CBM 060 Extra"]
[Source "ChessBase"]
[SourceDate "1997.11.04"]
[SourceVersion "1"]
[SourceVersionDate "1997.11.04"]
[SourceQuality "1"]

1. Nf3 Nf6 2. c4 g6 3. Nc3 Bg7 4. e4 d6 5. d4 O-O 6. Be2 e5 7. O-O Nc6 8. d5 Ne7 9. b4 Ne8 10. c5 f5 11. a4 h6 12. Nd2 Nf6 13. f3 f4 14. Ba3 g5 15. b5 Ne8 16. a5 dxc5 17. Bxc5 Rf6 18. Nc4 Rg6 19. Qb3 Kh7 20. b6 Ng8 21. Nb5 axb6 22. axb6 Rxa1 23. Rxa1 cxb6 24. Bf2 g4 25. fxg4 Bxg4 26. Bxg4 Rxg4 27. Bxb6 Qd7 28. Rb1 Ne7 29. Bf2 Ng6 30. Qf3 Nf6 31. h3 Rg5 32. Nbd6 Qa4 33. Rxb7 Qa1+ 34. Kh2 h5 35. Nf7 Ng4+ 36. hxg4 Rxg4 37. Qh3 Nh4 38. Bxh4 f3 39. Ng5+ Kg8 40. Rb8+ Bf8 41. Nxf3 1-0

[Event "CAN-op"]
[Site "Winnipeg CAN"]
[Date "1997.07.19"]
[Round "9"]
[White "Wu, Adam"]
[Black "Cabanas, Francisco"]
[Result "1/2-1/2"]
[WhiteElo "2040"]
[BlackElo "1991"]
[PlyCount "41"]
[GameId "2160767911932774"]
[EventDate "1997.07.12"]
[EventType "swiss"]
[EventRounds "10"]
[EventCountry "CAN"]
[SourceTitle "EXP 60"]
[Source "ChessBase"]
[SourceDate "1997.11.24"]
[SourceVersion "1"]
[SourceVersionDate "1997.11.24"]
[SourceQuality "1"]

1. e4 d5 2. exd5 Nf6 3. c4 c6 4. Nc3 cxd5 5. d4 Nc6 6. Bg5 dxc4 7. Bxc4 Nxd4 8. Nge2 e5 9. Nxd4 exd4 10. Nd5 Be7 11. Nxf6+ Bxf6 12. Qe2+ Kf8 13. Bxf6 Qxf6 14. O-O g6 15. Rfe1 Bd7 16. Qd2 Kg7 17. Rad1 Rad8 18. Qxd4 Ba4 19. Qxf6+ Kxf6 20. b3 Bc6 21. f3 1/2-1/2

[Event "CAN-op"]
[Site "Winnipeg CAN"]
[Date "1997.07.19"]
[Round "9"]
[White "Yoos, John"]
[Black "Kaptsan, Aron"]
[Result "1-0"]
[WhiteElo "2365"]
[BlackElo "2180"]
[PlyCount "38"]
[GameId "2160767911932775"]
[EventDate "1997.07.12"]
[EventType "swiss"]
[EventRounds "10"]
[EventCountry "CAN"]
[SourceTitle "CBM 060 Extra"]
[Source "ChessBase"]
[SourceDate "1997.11.04"]
[SourceVersion "1"]
[SourceVersionDate "1997.11.04"]
[SourceQuality "1"]

1. e4 e5 2. f4 exf4 3. Nf3 c5 4. d4 cxd4 5. Bxf4 Nf6 6. e5 Nd5 7. Qxd4 Nxf4 8. Qxf4 Be7 9. Nc3 O-O 10. O-O-O Nc6 11. Bc4 Na5 12. Bd3 d6 13. exd6 Bxd6 14. Bxh7+ Kxh7 15. Rxd6 Qe7 16. Re1 Be6 17. Nd5 Qxd6 18. Qxd6 Rfd8 19. Rxe6 fxe6 1-0

[Event "CAN-op"]
[Site "Winnipeg CAN"]
[Date "1997.07.20"]
[Round "10"]
[White "Anderson, Richard"]
[Black "Gravelines, John-Paul"]
[Result "1/2-1/2"]
[WhiteElo "1509"]
[BlackElo "1369"]
[PlyCount "50"]
[GameId "2160767911932776"]
[EventDate "1997.07.12"]
[EventType "swiss"]
[EventRounds "10"]
[EventCountry "CAN"]
[SourceTitle "EXP 60"]
[Source "ChessBase"]
[SourceDate "1997.11.24"]
[SourceVersion "1"]
[SourceVersionDate "1997.11.24"]
[SourceQuality "1"]

1. d4 Nf6 2. c4 c5 3. d5 d6 4. Nc3 e5 5. e4 Nbd7 6. Bg5 Be7 7. Nf3 O-O 8. Be2 a6 9. O-O Nb6 10. b3 Qc7 11. h3 Re8 12. Nh2 h6 13. Bxf6 Bxf6 14. Bg4 Nd7 15. Bf5 Nf8 16. Ng4 Qe7 17. Bxc8 Raxc8 18. Nxf6+ Qxf6 19. g3 Ng6 20. Qg4 Rc7 21. a4 Qd8 22. a5 Qd7 23. Qxd7 Rxd7 24. Na4 Rc7 25. f3 Nf8 1/2-1/2

[Event "CAN-op"]
[Site "Winnipeg CAN"]
[Date "1997.07.20"]
[Round "10"]
[White "Babb, Jeff"]
[Black "Vera, Reynaldo"]
[Result "0-1"]
[WhiteElo "2120"]
[BlackElo "2530"]
[PlyCount "93"]
[GameId "2160767911932777"]
[EventDate "1997.07.12"]
[EventType "swiss"]
[EventRounds "10"]
[EventCountry "CAN"]
[SourceTitle "CBM 060 Extra"]
[Source "ChessBase"]
[SourceDate "1997.11.04"]
[SourceVersion "1"]
[SourceVersionDate "1997.11.04"]
[SourceQuality "1"]

1. e4 c5 2. Nc3 e6 3. g3 d5 4. d3 Nc6 5. Bg2 Nf6 6. exd5 exd5 7. Bg5 Be7 8. Nge2 d4 9. Bxf6 Bxf6 10. Ne4 Be7 11. Nf4 O-O 12. O-O g6 13. Nd5 Kg7 14. Nxe7 Qxe7 15. Re1 Bd7 16. Nd2 Qf6 17. Qf3 Qxf3 18. Bxf3 b6 19. a3 Rae8 20. Nc4 f5 21. Nd6 Rxe1+ 22. Rxe1 Kf6 23. Nc4 Ne7 24. h4 Be6 25. Ne5 Rc8 26. b3 Rc7 27. a4 h6 28. Bg2 g5 29. hxg5+ hxg5 30. Nf3 Bg8 31. Nd2 Nd5 32. Bxd5 Bxd5 33. g4 fxg4 34. Ne4+ Bxe4 35. Rxe4 Re7 36. Rxg4 Re1+ 37. Kg2 Re2 38. Kf1 Rxc2 39. f4 Kf5 40. Rxg5+ Kxf4 41. Rg7 Ke3 42. Rxa7 Kxd3 43. Rb7 Kc3 44. Rxb6 d3 45. a5 Rc1+ 46. Kf2 d2 47. Rd6 0-1

[Event "CAN-op"]
[Site "Winnipeg CAN"]
[Date "1997.07.20"]
[Round "10"]
[White "Brasket, Curt"]
[Black "Lipnowski, Irwin"]
[Result "1/2-1/2"]
[WhiteElo "2230"]
[BlackElo "2350"]
[PlyCount "156"]
[GameId "2160767911932778"]
[EventDate "1997.07.12"]
[EventType "swiss"]
[EventRounds "10"]
[EventCountry "CAN"]
[SourceTitle "CBM 060 Extra"]
[Source "ChessBase"]
[SourceDate "1997.11.04"]
[SourceVersion "1"]
[SourceVersionDate "1997.11.04"]
[SourceQuality "1"]

1. Nf3 Nf6 2. g3 b5 3. c3 e6 4. Qb3 a6 5. a4 bxa4 6. Rxa4 Be7 7. Bg2 O-O 8. Ne5 d5 9. d4 Nfd7 10. Nd3 Nb6 11. Ra1 N8d7 12. O-O c5 13. dxc5 Nxc5 14. Nxc5 Bxc5 15. Nd2 Bb7 16. Qc2 Nd7 17. b4 Be7 18. Nb3 Rc8 19. Qb2 Bf6 20. Bd2 Qb6 21. Na5 Ba8 22. Rfc1 Qb5 23. Be3 Nb6 24. Bxb6 Qxb6 25. e3 Rc7 26. Rc2 Rfc8 27. Rac1 g6 28. Qb3 Qd6 29. c4 dxc4 30. Nxc4 Qe7 31. Bxa8 Rxa8 32. Na5 Rxc2 33. Rxc2 Qd7 34. Rc1 Rc8 35. Rd1 Qb5 36. Rd6 Be7 37. Rd4 Rb8 38. Nc4 Qxb4 39. Qd3 Qb1+ 40. Kg2 Qxd3 41. Rxd3 Rc8 42. Ne5 f6 43. Rd7 Kf8 44. Nf3 e5 45. Ra7 Rc6 46. Nd2 Rc2 47. Nb3 Ra2 48. g4 h6 49. Nc1 Ra3 50. Kf3 Kf7 51. Ke2 Ke6 52. Nd3 Bf8 53. e4 g5 54. h3 Bd6 55. f3 Be7 56. Kd2 Bd6 57. Kc2 a5 58. Nb2 Bb4 59. Ra6+ Kf7 60. Ra7+ Kg6 61. Ra6 Rc3+ 62. Kd1 Rxf3 63. Nc4 Kf7 64. Ke2 Rxh3 65. Ne3 Rh2+ 66. Kf3 Rh3+ 67. Ke2 h5 68. Ra7+ Ke6 69. Ra6+ Kd7 70. Rxf6 Be7 71. Ra6 Bb4 72. gxh5 Rxh5 73. Ng4 Rh1 74. Nxe5+ Kc7 75. Kd3 Kb7 76. Rg6 Rd1+ 77. Kc4 Rc1+ 78. Kb3 Re1 1/2-1/2

[Event "CAN-op"]
[Site "Winnipeg CAN"]
[Date "1997.07.20"]
[Round "10"]
[White "Brodie, Hugh"]
[Black "Taylor, Gordon"]
[Result "1-0"]
[WhiteElo "2080"]
[BlackElo "2394"]
[PlyCount "113"]
[GameId "2160767911932779"]
[EventDate "1997.07.12"]
[EventType "swiss"]
[EventRounds "10"]
[EventCountry "CAN"]
[SourceTitle "EXP 60"]
[Source "ChessBase"]
[SourceDate "1997.11.24"]
[SourceVersion "1"]
[SourceVersionDate "1997.11.24"]
[SourceQuality "1"]

1. Nf3 c5 2. c4 Nf6 3. g3 d5 4. cxd5 Nxd5 5. Nc3 Nc6 6. d3 e5 7. Bg2 Be6 8. Ng5 Nxc3 9. bxc3 Qd7 10. Nxe6 Qxe6 11. c4 Be7 12. O-O O-O 13. Rb1 Qd7 14. Qa4 Rfc8 15. Bb2 Bd6 16. Bc3 Rc7 17. Rxb7 Rxb7 18. Bxc6 Qc7 19. Bxb7 Qxb7 20. Qb3 Qe7 21. Rb1 f5 22. Qb7 Rb8 23. Qd5+ Kf8 24. Rxb8+ Bxb8 25. Ba5 Bd6 26. Kg2 h6 27. e3 g5 28. f3 Kg7 29. Bc3 Kh7 30. f4 exf4 31. Qxf5+ Kg8 32. Qg6+ Kf8 33. Qxh6+ Ke8 34. Qh8+ Kd7 35. Qg7 fxg3 36. hxg3 Qxg7 37. Bxg7 g4 38. Bh6 Be5 39. Kf2 Ke6 40. Bf4 Bc3 41. Ke2 a6 42. Kd1 Ba1 43. Ke2 Bb2 44. Bh6 Kd6 45. d4 cxd4 46. e4 Ke6 47. Kd3 Kf6 48. Bf4 Ke6 49. c5 Kd7 50. Be5 Bc3 51. Bxd4 Be1 52. Be5 Kc6 53. Ke3 Kxc5 54. Kf4 Kb4 55. Bd6+ Kc4 56. Kxg4 Kd4 57. Kf5 1-0

[Event "CAN-op"]
[Site "Winnipeg CAN"]
[Date "1997.07.20"]
[Round "10"]
[White "Brown, Rod"]
[Black "Kirton, Dale"]
[Result "1/2-1/2"]
[WhiteElo "2124"]
[BlackElo "2240"]
[PlyCount "46"]
[GameId "2160767911932780"]
[EventDate "1997.07.12"]
[EventType "swiss"]
[EventRounds "10"]
[EventCountry "CAN"]
[SourceTitle "EXP 60"]
[Source "ChessBase"]
[SourceDate "1997.11.24"]
[SourceVersion "1"]
[SourceVersionDate "1997.11.24"]
[SourceQuality "1"]

1. d4 Nf6 2. Nf3 e6 3. e3 c5 4. c3 Nc6 5. Bd3 d5 6. b3 Bd6 7. Nbd2 e5 8. dxe5 Nxe5 9. Nxe5 Bxe5 10. Bb2 O-O 11. Nf3 Bc7 12. h3 b6 13. O-O Bb7 14. Qe2 a6 15. Rfd1 Qe7 16. a4 Rfe8 17. Rac1 h6 18. Bb1 Qd6 19. Bd3 Ne4 20. Kf1 Qf6 21. Kg1 Qd6 22. Kf1 Qf6 23. Kg1 Ng5 1/2-1/2

[Event "CAN-op"]
[Site "Winnipeg CAN"]
[Date "1997.07.20"]
[Round "10"]
[White "Cabanas, Francisco"]
[Black "Grant, Carl"]
[Result "1-0"]
[WhiteElo "1991"]
[BlackElo "2125"]
[PlyCount "101"]
[GameId "2160767911932781"]
[EventDate "1997.07.12"]
[EventType "swiss"]
[EventRounds "10"]
[EventCountry "CAN"]
[SourceTitle "EXP 60"]
[Source "ChessBase"]
[SourceDate "1997.11.24"]
[SourceVersion "1"]
[SourceVersionDate "1997.11.24"]
[SourceQuality "1"]

1. e4 e5 2. Nf3 Nc6 3. Bb5 Nf6 4. O-O Nxe4 5. Re1 Nd6 6. Bxc6 bxc6 7. Nxe5 Be7 8. d4 O-O 9. Nc3 Re8 10. Bf4 Rb8 11. b3 Bf6 12. Na4 Nf5 13. c3 Ne7 14. Ng4 d6 15. Nxf6+ gxf6 16. Qh5 Rb5 17. Qe2 Bd7 18. c4 Ng6 19. Qd2 Rf5 20. Bh6 c5 21. Rxe8+ Bxe8 22. Nc3 cxd4 23. Qxd4 Bc6 24. Re1 Rh5 25. Bd2 Qa8 26. Ne4 Bxe4 27. Qxe4 Qxe4 28. Rxe4 Re5 29. Re3 Kf8 30. Kf1 Ke7 31. Rf3 Rh5 32. h3 f5 33. Re3+ Kd7 34. Rd3 Ne5 35. Rd5 Kc6 36. Be3 a6 37. Ke2 Ng6 38. Ra5 Kb7 39. g4 Rxh3 40. Rxf5 Ne5 41. g5 Ng4 42. Bf4 Rc3 43. Rxf7 Rc2+ 44. Kf3 Nxf2 45. Rxh7 Nd3 46. Bxd6 Ne1+ 47. Kg4 Rg2+ 48. Bg3 Nd3 49. Rxc7+ Kb6 50. Re7 Nc1 51. Kf3 1-0

[Event "CAN-op"]
[Site "Winnipeg CAN"]
[Date "1997.07.20"]
[Round "10"]
[White "Castaneda, Nelson"]
[Black "Hjartarson, Johann"]
[Result "0-1"]
[WhiteElo "2382"]
[BlackElo "2585"]
[PlyCount "58"]
[GameId "2160767911932782"]
[EventDate "1997.07.12"]
[EventType "swiss"]
[EventRounds "10"]
[EventCountry "CAN"]
[SourceTitle "EXP 60"]
[Source "ChessBase"]
[SourceDate "1997.11.24"]
[SourceVersion "1"]
[SourceVersionDate "1997.11.24"]
[SourceQuality "1"]

1. e4 e5 2. Nf3 Nc6 3. Bb5 a6 4. Bxc6 dxc6 5. O-O Qd6 6. d4 exd4 7. Nxd4 Bd7 8. Nc3 O-O-O 9. Be3 Nh6 10. h3 Qg6 11. Qf3 f5 12. e5 Nf7 13. Bf4 c5 14. Nb3 Bc6 15. Qg3 Qe6 16. h4 b6 17. Rfd1 Re8 18. a4 b5 19. Qe3 Nxe5 20. Nxc5 Qg6 21. Bg5 Bxc5 22. Qxc5 h6 23. f4 Ng4 24. Be7 Ne3 25. Rd2 Rxe7 26. Qxe7 Re8 27. Qc5 Bxg2 28. Nxb5 axb5 29. Ra3 Bb7+ 0-1

[Event "CAN-op"]
[Site "Winnipeg CAN"]
[Date "1997.07.20"]
[Round "10"]
[White "Czypinski, Jaroslaw"]
[Black "Haessel, Dale"]
[Result "0-1"]
[WhiteElo "2021"]
[BlackElo "2292"]
[PlyCount "66"]
[GameId "2160767911932783"]
[EventDate "1997.07.12"]
[EventType "swiss"]
[EventRounds "10"]
[EventCountry "CAN"]
[SourceTitle "EXP 60"]
[Source "ChessBase"]
[SourceDate "1997.11.24"]
[SourceVersion "1"]
[SourceVersionDate "1997.11.24"]
[SourceQuality "1"]

1. e4 c5 2. Nf3 d6 3. b4 cxb4 4. d4 e6 5. Bd3 Nf6 6. O-O Nc6 7. Bb2 d5 8. Nbd2 Be7 9. Ne5 O-O 10. Nxc6 bxc6 11. e5 Nd7 12. f4 g6 13. g4 c5 14. c3 bxc3 15. Bxc3 cxd4 16. Bxd4 Bc5 17. Bf2 Rb8 18. Nb3 Bxf2+ 19. Rxf2 Qb6 20. Qe2 Nc5 21. Nxc5 Qxc5 22. h4 Rb4 23. Kh2 Rd4 24. Raf1 Bd7 25. h5 Rxd3 26. Qxd3 Bb5 27. Qb1 Bxf1 28. Rxf1 Rc8 29. Qe1 Qa3 30. Qb1 Qe3 31. h6 g5 32. fxg5 Qxe5+ 33. Kh3 Rc3+ 0-1

[Event "CAN-op"]
[Site "Winnipeg CAN"]
[Date "1997.07.20"]
[Round "10"]
[White "Fairbairn, Stephen"]
[Black "Strojevs, Alexander"]
[Result "1-0"]
[WhiteElo "2038"]
[BlackElo "1792"]
[PlyCount "73"]
[GameId "2160767911932784"]
[EventDate "1997.07.12"]
[EventType "swiss"]
[EventRounds "10"]
[EventCountry "CAN"]
[SourceTitle "EXT 2022"]
[Source "ChessBase"]
[SourceDate "2021.10.06"]
[SourceVersion "1"]
[SourceVersionDate "2021.10.06"]
[SourceQuality "1"]

1. d4 Nf6 2. c4 g6 3. Nc3 Bg7 4. e4 d6 5. Be2 O-O 6. Bg5 h6 7. Be3 c6 8. Qd2 Kh7 9. f3 a5 10. g4 Ng8 11. h4 e5 12. d5 Qe7 13. h5 g5 14. Nh3 f6 15. Nf2 Na6 16. Na4 c5 17. Nb6 Rb8 18. Qxa5 Bd7 19. Nxd7 Qxd7 20. Qc3 Ne7 21. O-O Ra8 22. a3 b6 23. Rfb1 Rfb8 24. Bd1 Kh8 25. Nd3 b5 26. cxb5 Qxb5 27. a4 Qb7 28. Qc4 Nb4 29. Nxb4 Qxb4 30. Qxb4 Rxb4 31. Bd2 Rb6 32. b4 cxb4 33. Rxb4 Nc8 34. Rab1 Rab8 35. Rxb6 Rxb6 36. Rxb6 Nxb6 37. a5 1-0

[Event "CAN-op"]
[Site "Winnipeg CAN"]
[Date "1997.07.20"]
[Round "10"]
[White "Gardner, Robert"]
[Black "Gibbons, Michael"]
[Result "1-0"]
[WhiteElo "2305"]
[BlackElo "2016"]
[PlyCount "37"]
[GameId "2160767911932785"]
[EventDate "1997.07.12"]
[EventType "swiss"]
[EventRounds "10"]
[EventCountry "CAN"]
[SourceTitle "EXP 60"]
[Source "ChessBase"]
[SourceDate "1997.11.24"]
[SourceVersion "1"]
[SourceVersionDate "1997.11.24"]
[SourceQuality "1"]

1. e4 d6 2. d4 Nf6 3. Nc3 g6 4. g3 Bg7 5. Bg2 O-O 6. Nge2 c6 7. a4 a5 8. h3 e5 9. Be3 Re8 10. O-O Nbd7 11. f4 Nh5 12. fxe5 dxe5 13. d5 cxd5 14. Nxd5 Ra6 15. Qd3 Rc6 16. Rad1 Rf8 17. c4 Nc5 18. Qa3 Nxe4 19. Ne7+ 1-0

[Event "CAN-op"]
[Site "Winnipeg CAN"]
[Date "1997.07.20"]
[Round "10"]
[White "Gentes, Kevin"]
[Black "Aldrich, Don"]
[Result "1-0"]
[WhiteElo "2330"]
[BlackElo "2080"]
[PlyCount "45"]
[GameId "2160767911932786"]
[EventDate "1997.07.12"]
[EventType "swiss"]
[EventRounds "10"]
[EventCountry "CAN"]
[SourceTitle "CBM 060 Extra"]
[Source "ChessBase"]
[SourceDate "1997.11.04"]
[SourceVersion "1"]
[SourceVersionDate "1997.11.04"]
[SourceQuality "1"]

1. g3 e5 2. Bg2 d5 3. Nf3 Bd6 4. O-O Nf6 5. c4 c6 6. d3 dxc4 7. dxc4 O-O 8. Qc2 Bg4 9. Nc3 Qc7 10. Nh4 Qc8 11. Bg5 Be7 12. Ne4 Nxe4 13. Bxe7 Re8 14. Bxe4 Rxe7 15. Bxh7+ Kh8 16. Bf5 Bxf5 17. Nxf5 Re6 18. Qe4 Qf8 19. Rad1 Na6 20. Rd7 Nc5 21. Qh4+ Rh6 22. Nxh6 Nxd7 23. Nf5+ 1-0

[Event "CAN-op"]
[Site "Winnipeg CAN"]
[Date "1997.07.20"]
[Round "10"]
[White "Gorelik, Lev"]
[Black "Quiring, John"]
[Result "0-1"]
[WhiteElo "2248"]
[BlackElo "1959"]
[PlyCount "95"]
[GameId "2160767911932787"]
[EventDate "1997.07.12"]
[EventType "swiss"]
[EventRounds "10"]
[EventCountry "CAN"]
[SourceTitle "EXP 60"]
[Source "ChessBase"]
[SourceDate "1997.11.24"]
[SourceVersion "1"]
[SourceVersionDate "1997.11.24"]
[SourceQuality "1"]

1. e4 e5 2. Nf3 Nc6 3. Bb5 a6 4. Ba4 Nf6 5. O-O b5 6. Bb3 Be7 7. Qe2 O-O 8. c3 d6 9. h3 h6 10. a4 b4 11. a5 bxc3 12. dxc3 Na7 13. Rd1 Bd7 14. Nbd2 Qb8 15. Bc4 Nb5 16. Nf1 Qb7 17. Ng3 Rfe8 18. Ba2 Bf8 19. Qc2 Rab8 20. Be3 g6 21. Rac1 Bc6 22. Bd5 Nxd5 23. exd5 Bxd5 24. Nh4 Be6 25. Nxg6 Nxc3 26. Nxf8 Nxd1 27. Qh7+ Kxf8 28. Bxh6+ Ke7 29. Rxd1 Rh8 30. Bg5+ Kd7 31. Qg7 Qxb2 32. Qf6 Rbe8 33. Ne4 Kc8 34. Qf3 Qb7 35. Qd3 Bd7 36. Nxd6+ cxd6 37. Qxd6 Re6 38. Rc1+ Bc6 39. Qa3 Kb8 40. Be3 Bxg2 41. Qa2 Bh1 42. Rb1 Rxh3 43. Rxb7+ Bxb7 44. Kf1 Bf3 45. Qb3+ Kc8 46. Qc2+ Kb7 47. Qb3+ Ka8 48. Ke1 0-1

[Event "CAN-op"]
[Site "Winnipeg CAN"]
[Date "1997.07.20"]
[Round "10"]
[White "Gould, Charles"]
[Black "Baquero, Luis"]
[Result "1/2-1/2"]
[WhiteElo "2033"]
[BlackElo "2365"]
[PlyCount "100"]
[GameId "2160767911932788"]
[EventDate "1997.07.12"]
[EventType "swiss"]
[EventRounds "10"]
[EventCountry "CAN"]
[SourceTitle "EXP 60"]
[Source "ChessBase"]
[SourceDate "1997.11.24"]
[SourceVersion "1"]
[SourceVersionDate "1997.11.24"]
[SourceQuality "1"]

1. e4 c5 2. Nc3 e6 3. f4 d5 4. d3 Nc6 5. Nf3 b6 6. g3 dxe4 7. Nxe4 Nf6 8. Bd2 Be7 9. Bg2 Bb7 10. Qe2 O-O 11. Bc3 Nd5 12. O-O Nd4 13. Qf2 Nxc3 14. Nxc3 Nxf3+ 15. Bxf3 Bf6 16. Kg2 Bxf3+ 17. Qxf3 Bxc3 18. bxc3 Qf6 19. c4 Qb2 20. Qf2 Qa3 21. Rfb1 Rad8 22. Qd2 Rd4 23. Re1 Rfd8 24. Qc1 Qa4 25. Qb2 g6 26. Re2 h5 27. Rae1 Qc6+ 28. Kg1 h4 29. Qc1 Kg7 30. Qe3 Qd6 31. Qe5+ Qxe5 32. Rxe5 Rh8 33. Kg2 Kf6 34. a4 hxg3 35. hxg3 a5 36. Rb1 Rd6 37. Rb5 Ke7 38. Re1 Kd7 39. Reb1 Kc7 40. Re1 Rh5 41. Rf1 f5 42. Rh1 Rxh1 43. Kxh1 g5 44. Kg2 gxf4 45. gxf4 Rd8 46. Rb1 Rg8+ 47. Kf3 Rg6 48. Rh1 Kd6 49. Rb1 Kc6 50. Re1 Rh6 1/2-1/2

[Event "CAN-op"]
[Site "Winnipeg CAN"]
[Date "1997.07.20"]
[Round "10"]
[White "Gustafson, Dale"]
[Black "Ditt, Egon"]
[Result "0-1"]
[WhiteElo "2025"]
[BlackElo "2250"]
[PlyCount "72"]
[GameId "2160767911932789"]
[EventDate "1997.07.12"]
[EventType "swiss"]
[EventRounds "10"]
[EventCountry "CAN"]
[SourceTitle "CBM 060 Extra"]
[Source "ChessBase"]
[SourceDate "1997.11.04"]
[SourceVersion "1"]
[SourceVersionDate "1997.11.04"]
[SourceQuality "1"]

1. e4 g6 2. Nc3 Bg7 3. g3 d6 4. Bg2 c5 5. d3 Nc6 6. f4 e6 7. Nf3 Nge7 8. O-O Rb8 9. e5 d5 10. h3 b5 11. a3 Qb6 12. Kh2 h5 13. Ne2 Nf5 14. c3 d4 15. Ng5 Bb7 16. Ne4 Nce7 17. cxd4 cxd4 18. Qe1 Nd5 19. Bd2 Nde3 20. Ba5 Nxg2 21. Kxg2 Bxe4+ 22. dxe4 Qb7 23. Kh2 Qxe4 24. Bb4 Ne3 25. Rf2 d3 26. Nc3 Ng4+ 27. Kg1 Qxe1+ 28. Rxe1 Nxf2 29. Kxf2 Bf8 30. Bxf8 Kxf8 31. Ne4 Ke7 32. Ke3 Rhc8 33. Kxd3 b4 34. Nd6 Rc5 35. axb4 Rxb4 36. Ra1 Rc7 0-1

[Event "CAN-op"]
[Site "Winnipeg CAN"]
[Date "1997.07.20"]
[Round "10"]
[White "Huber, Gregory"]
[Black "Wu, Adam"]
[Result "1-0"]
[WhiteElo "2363"]
[BlackElo "2040"]
[PlyCount "133"]
[GameId "2160767911932790"]
[EventDate "1997.07.12"]
[EventType "swiss"]
[EventRounds "10"]
[EventCountry "CAN"]
[SourceTitle "EXP 60"]
[Source "ChessBase"]
[SourceDate "1997.11.24"]
[SourceVersion "1"]
[SourceVersionDate "1997.11.24"]
[SourceQuality "1"]

1. e4 c5 2. Nc3 Nc6 3. Nge2 g6 4. g3 Bg7 5. Bg2 e6 6. O-O Nge7 7. d3 O-O 8. Be3 Nd4 9. Qd2 d6 10. Nd1 Bd7 11. c3 Nxe2+ 12. Qxe2 Rc8 13. f4 b5 14. Kh1 b4 15. cxb4 cxb4 16. Bxa7 Qa5 17. Be3 Ba4 18. a3 Rc2 19. Qe1 Bb5 20. Qxb4 Qxb4 21. axb4 Bxd3 22. Rf2 Rfc8 23. Rxc2 Rxc2 24. Ra8+ Rc8 25. Rxc8+ Nxc8 26. Nc3 Ne7 27. Bb6 Nc6 28. e5 d5 29. b5 Nb8 30. Bd4 Kf8 31. Bf3 Ke7 32. Bd1 Kd7 33. Ba4 Kd8 34. b6 Bf8 35. Kg2 Bb4 36. Kf3 h6 37. Ke3 Ba6 38. Na2 Be7 39. Kd2 Bc8 40. Kc3 Bd7 41. Bc2 Kc8 42. Nc1 Nc6 43. Bf2 Kb7 44. Nb3 Bb4+ 45. Kd3 Nb8 46. Nc5+ Bxc5 47. Bxc5 Bb5+ 48. Kd4 Nd7 49. g4 Be2 50. Ba4 Nxb6 51. Be8 Bxg4 52. Bf8 h5 53. Kc5 Nc4 54. b4 Nd2 55. Bxf7 Bf5 56. b5 Ne4+ 57. Kd4 Kb6 58. Be8 g5 59. fxg5 Nxg5 60. Bc5+ Kb7 61. Bxh5 Be4 62. h4 Bf3 63. Bg6 Nh3 64. Ke3 Bd1 65. h5 Ng5 66. h6 Ba4 67. Kf4 1-0

[Event "CAN-op"]
[Site "Winnipeg CAN"]
[Date "1997.07.20"]
[Round "10"]
[White "Iomdina, Bella"]
[Black "Baltar, Noel"]
[Result "1-0"]
[WhiteElo "1904"]
[BlackElo "1494"]
[PlyCount "69"]
[GameId "2160767911932791"]
[EventDate "1997.07.12"]
[EventType "swiss"]
[EventRounds "10"]
[EventCountry "CAN"]
[SourceTitle "EXP 60"]
[Source "ChessBase"]
[SourceDate "1997.11.24"]
[SourceVersion "1"]
[SourceVersionDate "1997.11.24"]
[SourceQuality "1"]

1. d4 Nf6 2. c4 g6 3. Nc3 Bg7 4. e4 d6 5. f4 c5 6. d5 Nbd7 7. Be2 a6 8. Nf3 Rb8 9. O-O b5 10. cxb5 axb5 11. Bxb5 O-O 12. Be2 Qb6 13. Kh1 e6 14. dxe6 fxe6 15. Bc4 Ba6 16. Bxe6+ Kh8 17. Re1 Rbd8 18. Ng5 Bc8 19. Nf7+ Rxf7 20. Bxf7 Rf8 21. Be6 Nh5 22. Nd5 Qb5 23. Nc3 Qa6 24. Qe2 Qa7 25. Qd3 c4 26. Qxd6 Qf2 27. Be3 Qh4 28. Bxd7 Bxd7 29. Qxd7 Rd8 30. Qh3 Qe7 31. Rad1 Rb8 32. Qd7 Qh4 33. Qd6 Rf8 34. Bd4 Nxf4 35. Qxf8# 1-0